ՀՀ Գիտությունների ազգային ակադեմիայի հիմնարար գիտական գրադարան  =   Fundamental Scientific Library of NAS RA

Свердловская область / (Record no. 529956)

MARC details
000 -LEADER
fixed length control field 00803nam a22002297a 4500
003 - CONTROL NUMBER IDENTIFIER
control field AM-YEHGA
005 - DATE AND TIME OF LATEST TRANSACTION
control field 20250617164819.0
008 - FIXED-LENGTH DATA ELEMENTS--GENERAL INFORMATION
fixed length control field 220405b ||||| |||| 00| 0 rus d
040 ## - CATALOGING SOURCE
Original cataloging agency AM-YeHGA
041 0# - LANGUAGE CODE
Language code of text/sound track or separate title rus
001 - CONTROL NUMBER
control field 1827485
090 ## - LOCALLY ASSIGNED LC-TYPE CALL NUMBER (OCLC); LOCAL CALL NUMBER (RLIN)
-- 568444
100 1# - MAIN ENTRY--PERSONAL NAME
Personal name Мошкин, Александр Михайлович.
245 10 - TITLE STATEMENT
Title Свердловская область /
Statement of responsibility, etc. А. Мошкин, А. Оленев, Е. Шувалов.
260 ## - PUBLICATION, DISTRIBUTION, ETC.
Place of publication, distribution, etc. Свердловск :
Name of publisher, distributor, etc. Кн. изд-во,
Date of publication, distribution, etc. 1962
300 ## - PHYSICAL DESCRIPTION
Extent 212 с.,
Other physical details ил., карт.
651 #4 - SUBJECT ADDED ENTRY--GEOGRAPHIC NAME
Geographic name Свердловская обл.
653 0# - INDEX TERM--UNCONTROLLED
Uncontrolled term Свердловская область - Экономическая география
700 1# - ADDED ENTRY--PERSONAL NAME
Personal name Оленев, А.
700 1# - ADDED ENTRY--PERSONAL NAME
Personal name Шувалов, Е.
942 ## - ADDED ENTRY ELEMENTS (KOHA)
Source of classification or shelving scheme Universal Decimal Classification
Koha item type Գրքեր / Books
Holdings
Withdrawn status Lost status Damaged status Not for loan Collection Home library Current library Date acquired Total checkouts Full call number Barcode Date last seen Price effective from Koha item type Public note
        General Fundamental Scientific Library Fundamental Scientific Library 05/04/2022   РII/73153 FL0676203 05/04/2024 05/04/2022 Գրքեր / Books 30 Days Loan


ՀՀ ԳԱԱ հիմնարար գիտական գրադարան
ՀՀ,Երևան 0019
Մարշալ Բաղրամյան 24/6
հեռախոս:(374-10) 52-47-50
Հետադարձ կապ

All site content, except where otherwise noted, is licensed under a
Creative Commons License